|
|
|
|
| LEADER |
02760nam a2200373 a 4500 |
| 001 |
17752 |
| 003 |
BD-DhAAL |
| 008 |
100516s2007 njua 001 0 eng d |
| 010 |
|
|
|a 2004044322
|
| 020 |
|
|
|a 8131700909
|
| 020 |
|
|
|a 0131424866
|
| 020 |
|
|
|a 0131276190 (pbk.)
|
| 020 |
|
|
|a 0131489925 (CD ROM 1)
|
| 020 |
|
|
|a 013149404X (CD ROM 2)
|
| 040 |
|
|
|a DLC
|c DLC
|d YDX
|d BAKER
|d UKM
|d DLC
|d DB-DhAAL
|
| 082 |
0 |
0 |
|a 620.11
|2 22
|
| 100 |
1 |
|
|a Shackelford, James F.
|9 57713
|
| 245 |
1 |
0 |
|a Introduction to materials science for engineers /
|c James F. Shackelford, Madanapalli K. Muralidhara.
|
| 250 |
|
|
|a Sixth edition.
|
| 260 |
|
|
|a Upper Saddle River, N.J. ;
|a New Delhi :
|b Pearson/Prentice Hall,
|c c2007.
|
| 300 |
|
|
|a xvii, 776 p. :
|b ill. ;
|c 27 cm +
|e 1 CD-ROM (4 3/4 in.).
|
| 500 |
|
|
|a Includes index.
|
| 526 |
|
|
|a MNS
|x Mahabobe Shobahani
Faculty Member of BRAC University
Course Name : Solid State Physics & Materials Science (APE 201)
|
| 541 |
1 |
|
|e 17752, 17753, 17754, 17755, 17756
|a Paragon Enterprises LTD
|
| 650 |
|
0 |
|a Materials.
|
| 700 |
1 |
|
|a Muralidhara, Madanapalli K.
|9 57714
|
| 852 |
4 |
|
|a Ayesha Abed Library
|c General Stacks
|
| 942 |
|
|
|2 ddc
|c BK
|
| 999 |
|
|
|c 8584
|d 8584
|
| 952 |
|
|
|0 0
|1 0
|2 ddc
|4 0
|6 620_110000000000000_SHA_2007
|7 0
|9 10217
|a BRACUL
|b BRACUL
|c GEN
|d 2010-05-16
|e Paragon Enterprises LTD
|g 700.00
|l 2
|o 620.11 SHA
|p 3010017753
|r 2014-03-10
|s 2014-03-08
|t 2
|w 2010-05-16
|y BK
|x Requisitioned by Mahabobe Shobahani for the course named- "Solid State Physics & Materials Science (APE 201)".
|
| 952 |
|
|
|0 0
|1 0
|2 ddc
|4 0
|6 620_110000000000000_SHA_2007
|7 0
|9 10218
|a BRACUL
|b BRACUL
|c GEN
|d 2010-05-16
|e Paragon Enterprises LTD
|g 700.00
|l 0
|o 620.11 SHA
|p 3010017752
|r 2010-05-16
|t 1
|w 2010-05-16
|y BK
|x Requisitioned by Mahabobe Shobahani for the course named- "Solid State Physics & Materials Science (APE 201)".
|
| 952 |
|
|
|0 0
|1 0
|2 ddc
|4 0
|6 620_110000000000000_SHA_2007
|7 0
|9 10219
|a BRACUL
|b BRACUL
|c GEN
|d 2010-05-16
|e Paragon Enterprises LTD
|g 700.00
|l 1
|m 1
|o 620.11 SHA
|p 3010017754
|r 2015-01-28
|s 2014-07-14
|t 3
|w 2010-05-16
|y BK
|x Requisitioned by Mahabobe Shobahani for the course named- "Solid State Physics & Materials Science (APE 201)".
|
| 952 |
|
|
|0 0
|1 0
|2 ddc
|4 0
|6 620_110000000000000_SHA_2007
|7 0
|9 10220
|a BRACUL
|b BRACUL
|c GEN
|d 2010-05-16
|e Paragon Enterprises LTD
|g 700.00
|l 2
|m 15
|o 620.11 SHA
|p 3010017755
|r 2013-03-10
|s 2013-01-23
|t 4
|w 2010-05-16
|y BK
|x Requisitioned by Mahabobe Shobahani for the course named- "Solid State Physics & Materials Science (APE 201)".
|
| 952 |
|
|
|0 0
|1 0
|2 ddc
|4 0
|6 620_110000000000000_SHA_2007
|7 0
|9 10411
|a BRACUL
|b BRACUL
|c GEN
|d 2010-05-23
|e Paragon Enterprises LTD
|g 700.00
|l 1
|m 4
|o 620.11 SHA
|p 3010017756
|r 2014-04-20
|s 2014-03-10
|t 5
|w 2010-05-23
|y BK
|x Requisitioned by Mahabobe Shobahani for the course named- "Solid State Physics & Materials Science (APE 201)".
|